Svetové insitné umenie

Na minha lista:
Detalhes bibliográficos
Autor principal: Tkáč, Štefan (Author)
Formato: Livro
Idioma:eslovaco
Publicado em: Bratislava : Pallas, 1969
Edição:1. vyd.
Assuntos:
Tags: Adicionar Tag
Sem tags, seja o primeiro a adicionar uma tag!

MARC

LEADER 00000nam a22000003a 4500
001 stu13764
005 20150617225759.3
008 970526s1969----xo------------------slo-d
040 |a STU  |b slo 
041 0 |a slo 
044 |a xo 
100 1 |a Tkáč, Štefan  |4 aut 
245 1 |a Svetové insitné umenie 
250 |a 1. vyd. 
260 |a Bratislava :  |b Pallas,  |c 1969 
300 |a 93 s 
650 7 |a umenie výtvarné  |2 stusub 
650 7 |a umenie insitné  |2 stusub 
996 |b 284AU02132  |c A*2980 U  |l AAKNAR  |s A  |a 24  |w stu13764_0001